000 00307nam a2200121Ia 4500
008 220204s9999 xx 000 0 und d
082 _a678
_bBOV
245 0 _aMacromolecules: An introduction to polymer science
260 _aNew York
_c1979
700 _aBovey, F A
700 _aWinslow, F A
942 _cBK
999 _c35374
_d35374